| 000 | 00541nam a2200181 a 4500 | ||
|---|---|---|---|
| 001 | 000016417 | ||
| 005 | 20200929164422.0 | ||
| 008 | 100305s1973 dr 000 0 spa d | ||
| 040 | _aDO-SdBNP | ||
| 082 |
_a199.7293 _bC794f |
||
| 100 | 1 |
_aCordero, Armándo _936596 |
|
| 245 | 1 | 3 |
_aLa filosofía en Santo Domingo / _cArmándo Cordero. |
| 260 |
_aSanto Domingo : _bArte y Cine, _c1973. |
||
| 300 |
_a268 p. ; _c23 cm. |
||
| 500 | _aIncluye notas al pie de las páginas | ||
| 650 | 4 |
_aFilosofía _zRepública Dominicana _95667 |
|
| 049 | _aBNPD | ||
| 999 |
_c15952 _d15952 |
||